| 000 | 00715nam a2200241 a 4500 | ||
|---|---|---|---|
| 003 | BD-DhJNU | ||
| 005 | 20251015045954.0 | ||
| 008 | 250104b |||||||| |||| 00| 0 eng d | ||
| 020 | _a9788119896738 | ||
| 040 |
_aBD-DhJNU _bENG _cBD-DhJNU _dBD-DhJNU |
||
| 082 | 0 | 0 |
_a006.31 DUM _223 |
| 100 | _aDutt, Saikat | ||
| 245 |
_aMachine Learning / _cSaikat Dutt, Subramanian Chandramouli and Amit Kumar Das |
||
| 250 | _a2nd ed. | ||
| 260 |
_aNoida : _bPearson, _c2025. |
||
| 300 |
_axxx, 526 p. : _bill. ; _c24 cm. |
||
| 504 | _aIncludes index. | ||
| 650 | _aArtificial intelligence | ||
| 650 | _aData science | ||
| 700 |
_aChandramouli, Subramanian _eAuthor |
||
| 700 |
_aDas, Amit Kumar _eAuthor |
||
| 942 |
_cBK _2ddc |
||
| 999 |
_c2275 _d2275 |
||